Stress management manual : (Record no. 363354)
[ view plain ]
| 000 -LEADER | |
|---|---|
| fixed length control field | 00690nam a2200241Ia 4500 |
| 008 - FIXED-LENGTH DATA ELEMENTS--GENERAL INFORMATION | |
| fixed length control field | 200601s9999 xx 000 0 und d |
| 020 ## - INTERNATIONAL STANDARD BOOK NUMBER | |
| International Standard Book Number | 971-08-2842-8 |
| 050 ## - LIBRARY OF CONGRESS CALL NUMBER | |
| Classification number | REF HF 5548.85 |
| 050 ## - LIBRARY OF CONGRESS CALL NUMBER | |
| Item number | .C44 1985 |
| 100 ## - MAIN ENTRY--PERSONAL NAME | |
| Personal name | Chebat, Maraya De Jesus. |
| 245 #0 - TITLE STATEMENT | |
| Title | Stress management manual : |
| 245 #2 - TITLE STATEMENT | |
| Remainder of title | a handbook for executives / |
| 245 #0 - TITLE STATEMENT | |
| Statement of responsibility, etc | Maraya A. Chebat ; edited by Mai Deguilmo-Collantes |
| 260 ## - PUBLICATION, DISTRIBUTION, ETC. (IMPRINT) | |
| Place of publication, distribution, etc | Mandaluyong City : |
| 260 ## - PUBLICATION, DISTRIBUTION, ETC. (IMPRINT) | |
| Name of publisher, distributor, etc | National Bookstore. |
| 260 ## - PUBLICATION, DISTRIBUTION, ETC. (IMPRINT) | |
| Date of publication, distribution, etc | 1985 |
| 300 ## - PHYSICAL DESCRIPTION | |
| Extent | 172 pages : |
| 300 ## - PHYSICAL DESCRIPTION | |
| Other physical details | illustrations ; |
| 300 ## - PHYSICAL DESCRIPTION | |
| Dimensions | 19 cm. |
| 500 ## - GENERAL NOTE | |
| General note | Includes bibliographical reference. |
| 650 ## - SUBJECT ADDED ENTRY--TOPICAL TERM | |
| Topical term or geographic name as entry element | Executives -- Job stress. |
| 650 ## - SUBJECT ADDED ENTRY--TOPICAL TERM | |
| General subdivision | Job stress. |
| Withdrawn status | Lost status | Damaged status | Home library | Current library | Shelving location | Date acquired | Total Checkouts | Full call number | Barcode | Date last seen | Price effective from | Koha item type |
|---|---|---|---|---|---|---|---|---|---|---|---|---|
| South Mansfield College | South Mansfield College | Reference Section | 06/01/2020 | REF HF 5548.85 .C44 1985 | SMC01591 | 06/01/2020 | 06/01/2020 | Books |